000 00484nam a2200205Ia 4500
008 210210b2008 xxu||||| |||| 00| 0 eng d
020 _a9788126135547
041 _aeng
082 _a539.7 JHAB
100 _aJHA (Pankaj)
245 _aBasics of atomic physics
260 _aNew Delhi
_bAnmol Publications Pvt. Ltd.
_c2008
300 _avi,284
650 _aphysics
650 _aof
650 _aBasics
650 _aatomic
690 _aAtomic Physics
906 _a064207
999 _c140208
_d140208